Frédéric Worms (dir.), Le moment 1900 en philosophie, Villeneuve-d’Asq, Presses Universitaires du Septentrion, 2004, coll. « Philosophie », 417 p. (notice n° 1657174)
[ vue normale ]
| 000 -LEADER | |
|---|---|
| fixed length control field | 01216cam a2200169 4500500 |
| 005 - DATE AND TIME OF LATEST TRANSACTION | |
| control field | 20260208010553.0 |
| 041 ## - LANGUAGE CODE | |
| Language code of text/sound track or separate title | fre |
| 042 ## - AUTHENTICATION CODE | |
| Authentication code | dc |
| 100 10 - MAIN ENTRY--PERSONAL NAME | |
| Personal name | De Toffoli, Thierry |
| Relator term | author |
| 245 00 - TITLE STATEMENT | |
| Title | Frédéric Worms (dir.), Le moment 1900 en philosophie, Villeneuve-d’Asq, Presses Universitaires du Septentrion, 2004, coll. « Philosophie », 417 p. |
| 260 ## - PUBLICATION, DISTRIBUTION, ETC. | |
| Date of publication, distribution, etc. | 2005.<br/> |
| 500 ## - GENERAL NOTE | |
| General note | 25 |
| 520 ## - SUMMARY, ETC. | |
| Summary, etc. | Lettres inédites de Théodule Ribot à Henri Piéron Édition et présentation des lettres (1902-1916) du psychologue fondateur de la Revue philosophique, Théodule Ribot, au jeune Henri Piéron, qui deviendra par la suite une figure centrale de la psychologie scientifique française. |
| 520 ## - SUMMARY, ETC. | |
| Summary, etc. | Unpublished letters from Théodule Ribot to Henri Piéron Edition and presentation of the letters (1902-1916) of Théodule Ribot, the psychologist founder of the Revue philosophique, to the young Henri Piéron, who will later become a central figure of French scientific psychology. |
| 786 0# - DATA SOURCE ENTRY | |
| Note | Revue philosophique de la France et de l'étranger | 130 | 3 | 2005-09-01 | p. 357x-432x | 0035-3833 |
| 856 41 - ELECTRONIC LOCATION AND ACCESS | |
| Uniform Resource Identifier | <a href="https://shs.cairn.info/revue-philosophique-2005-3-page-357x?lang=fr&redirect-ssocas=7080">https://shs.cairn.info/revue-philosophique-2005-3-page-357x?lang=fr&redirect-ssocas=7080</a> |
Pas d'exemplaire disponible.




Réseaux sociaux